000 00401nam a2200157Ia 4500
008 230917s9999||||xx |||||||||||||| ||und||
020 _cRS395
040 _e33892
_aMAIN
041 _aEnglish
082 _a823.09 M994T
100 _aMyles, Anita
245 0 _aTwentieth century English novelists: The trend setters
260 _aNew Delhi
_bKanishka
_c2001
300 _avi, 182 p.
942 _cBK
999 _c108869
_d108869